Activity based costing: ιστορική διαμόρφωση, έννοια ABC και τεχνική ABC, εφαρμογές : μεταπτυχιακή εργασία

Αποθηκεύτηκε σε:
Λεπτομέρειες βιβλιογραφικής εγγραφής
Κύριος συγγραφέας: Κλεισσά, Ειρήνη Σ.
Συγγραφή απο Οργανισμό/Αρχή: Πανεπιστήμιο Αιγαίου Σχολή Επιστημών της Διοίκησης Τμήμα Διοίκησης Επιχειρήσεων Πρόγραμμα Μεταπτυχιακών Σπουδών στη Διοίκηση Επιχειρήσεων - M.B.A
Άλλοι συγγραφείς: Βαρβάκης, Κωνσταντίνος Α. (Εισηγητής διατριβής)
Μορφή: Thesis Βιβλίο
Γλώσσα:Greek
Δημοσίευση: 2005
Θέματα:
Ετικέτες: Προσθήκη ετικέτας
Δεν υπάρχουν, Καταχωρήστε ετικέτα πρώτοι!

MARC

LEADER 00000cam a2200000 i 4500
001 1/27417
008 060403s2005 gre d
035 |l 10083400 
040 |a GR-MY-UA  |b gre  |e aacr 
041 0 |a gre 
082 0 |a 657.42  |2 (22) 
100 1 |a Κλεισσά, Ειρήνη Σ. 
245 1 0 |a Activity based costing: ιστορική διαμόρφωση, έννοια ABC και τεχνική ABC, εφαρμογές :  |b μεταπτυχιακή εργασία /  |c Ειρήνη Σ. Κλεισσά ; επιβλέπων Βαρβάκης Α. Κων/νος 
260 |c 2005 
300 |a 130 σ.;  |b πίν., σχ.;  |c 30 εκ. 
502 # # |a Διατριβή (μεταπτυχιακή) – Πανεπιστήμιο Αιγαίου, Χίος, 2005. 
504 |a Περιλαμβάνει βιβλιογραφία 
610 2 0 |a Πανεπιστήμιο Αιγαίου. 
650 0 0 |a Activity-based costing. 
650 0 0 |a Cost accounting. 
650 0 0 |a Dissertations, Academic  |z Greece. 
700 1 |a Βαρβάκης, Κωνσταντίνος Α.  |4 ths 
710 1 |a Πανεπιστήμιο Αιγαίου  |b Σχολή Επιστημών της Διοίκησης  |b Τμήμα Διοίκησης Επιχειρήσεων  |b Πρόγραμμα Μεταπτυχιακών Σπουδών στη Διοίκηση Επιχειρήσεων - M.B.A. 
852 |a INST  |b CHIOS  |c DIATR  |e 20060403  |h 657.42 ΚΛΕ  |p 005200024171  |q 005200024171  |t MTXE  |y 23 
852 |a INST  |b CHIOS  |c DIATR  |e 20060403  |h 657.42 ΚΛΕ  |p 005200024172  |q 005200024172  |t MTXE  |y 23 
901 |a BIBL2-2006-1 
909 |a Χ  |b 119975 
909 |a Χ  |b 119976 
924 |a ΚΛΕΙΣΣΑ  |b ΕΙΡΗΝΗ  |y ΧΙΟΣ  |z 2005-11 
970 |a ΒΑΣΙΛΑΚΗ  |b ΝΙΚΗ  |z 2006/04/03